| 000 | 00404nam a2200157 a 4500 | ||
|---|---|---|---|
| 005 | 20140414093840.0 | ||
| 008 | 071006s19uu xx 00 eng d | ||
| 050 |
_aVCD 790 _bPIR 2004 |
||
| 245 |
_aPirates of the Caribbean : _bthe curse of the black pearl. |
||
| 260 |
_aSl : _bDisney, _cc2004. |
||
| 300 | _a2 videodisks | ||
| 650 | _aFilm. | ||
| 650 | _aPirates. | ||
| 942 | _cAVM | ||
| 999 |
_c109243 _d109243 |
||